Một thế kỷ văn minh nhân loại

Uloženo v:
Podrobná bibliografie
Další autoři: Trần Mạnh Thường (Chủ biên)
Médium: Kniha
Jazyk:Vietnamese
Vydáno: H. Văn hóa - Thông tin 1999
Témata:
Tagy: Přidat tag
Žádné tagy, Buďte první, kdo otaguje tento záznam!
Thư viện lưu trữ: Mạng thư viện Đại học Đà Nẵng
LEADER 00976nam a2200301 4500
001 000014946
003 11316
005 20120517080530.0
008 120517s1999 viesd
020 |c 130000đ 
041 0 |a vie 
082 |a 909  |b Môt 
245 0 |a Một thế kỷ văn minh nhân loại  |c Trần Mạnh Thường (chủ biên) 
260 |a H.  |b Văn hóa - Thông tin  |c 1999 
300 |a 837 tr.  |c 21 cm 
653 |a Văn minh 
653 |a Nhân loại 
700 |a Trần Mạnh Thường  |e Chủ biên 
OWN |a LSP 
AVA |a UDN50  |b LSP  |d 909 Môt  |e available  |t Error 5001 Not defined in file expand_doc_bib_avail.  |f 1  |g 0  |h N  |i 0  |k 1 
999 |a From the UDN01 
AVA |a UDN50  |b LSP  |d 909 Môt  |e available  |t Error 5001 Not defined in file expand_doc_bib_avail.  |f 1  |g 0  |h N  |i 0  |k 1 
TYP |a Monograph 
TYP |a Printed language 
980 |a Mạng thư viện Đại học Đà Nẵng